| 000 | 00730nam a2200241 i 4500 | ||
|---|---|---|---|
| 001 | 120043 | ||
| 003 | ES-MaACL | ||
| 005 | 20250828090940.0 | ||
| 007 | t| | ||
| 008 | 070214s1983 sp r ||||1| spa d | ||
| 020 | _a84-7020-124-7 | ||
| 080 | _a348(075.8) | ||
| 100 | 1 |
_aPiñero Carrión, José María. _992275 |
|
| 245 | 1 | 0 |
_aNuevo derecho canónico : _bmanual práctico / _cJosé Mª Piñero Carrión. |
| 250 | _a2ª ed. | ||
| 260 |
_aMadrid : _bSociedad de Educación Atenas, _c1983. |
||
| 300 |
_a808 p. ; _c17 cm. |
||
| 650 | 7 |
_aDerecho canónico _2embne _911655 |
|
| 710 | 2 |
_aSociedad de Educación Atenas _96665 |
|
| 852 |
_aES-MaACL _jL-5970 |
||
| 852 |
_aES-MaACL _jL-4743 |
||
| 999 |
_c120043 _d120043 |
||